000 00783nam a2200217 i 4500
001 74233
003 ES-MaACL
005 20250605122759.0
007 t|
008 040916s1941 sp ||||1| spa d
100 1 _aGonzález Palencia, Ángel,
_d1889-1949
_958854
245 1 0 _aVida y obras de Don Diego Hurtado de Mendoza /
_cpor Angel González Palencia y Eugenio Mele.
260 _aMadrid :
_b[s.n.,
_c1941] (
_fImp. de Estanislao Maestre)
300 _a3 v. ;
_c24 cm.
500 _aPrecede al tít.: Instituto de Valencia de Don Juan.
600 1 7 _aHurtado de Mendoza, Diego,
_d1503-1575
_2
_9149494
700 1 _aMele, Eugenio.
_979902
710 2 _aInstituto de Valencia de Don Juan (Madrid)
_95014
852 _aES-MaACL
_jF-15910-15
_bR.20715
999 _c74233
_d74233